000 01640cam a22004814i 4500
003 PE-LiUPU
005 20250731172850.0
008 990420s1999 sp 000 0 spa d
020 _a8481692867
020 _a9788481692860
035 _a(Sirsi) i9788481692860
040 _aBNM
_bspa
_cBNM
_dESUPS
_dPE-LiUPU
_erda
082 4 _a266.9258
_bB88
_221
100 1 _aBueno de la Fuente, Eloy,
_eautor.
245 1 3 _aLa Iglesia en la encrucijada de la misión /
_cEloy Bueno de la Fuente.
264 _España :
_bVerbo Divino,
_c1999.
300 _a302 páginas ;
_c22 centímetros.
336 _atext
_2rdacontent
337 _aunmediated
_2rdamedia
338 _avolume
_2rdacarrier
490 0 _aMisión sin fronteras
_v13
504 _aBibliografía : páginas 301-302.
526 _aSEG42
526 _aSEG41
526 _aSEG40
526 _aSEG39
526 _aP94
526 _aP87
526 _aP86
526 _aP85
526 _aP77
526 _aP76
526 _aP35
650 7 _aMisiones.
650 0 4 _aMisiones.
910 _ajck
_bebj
_cebj
_d20160607
942 _2ddc
_cBOOK
949 _a266.9258 B88
_wDEWEY
_c1
_i73588
_d2016-10-19
_e2016-10-17
_lCCODEBUL1
_mBUL
_n1
_p15.22
_r0
_sY
_tBOOK
_u2016-6-7
_xTEOLOGIA
_PP85
_0COMPRA
_o.STAFF. Colección Teología
994 _aC0
_bPEPRU
596 _a1
999 _a266.9258 B88
_wDEWEY
_c9812
_i73588
_d9812
_e2017-11-20
_f2021-11-10
_g5
_lCCODEBUL1
_mBUL
_n2
_p15.22
_q1
_r0
_sY
_tBOOK
_u2016-6-7
_xTEOLOGIA
_PP85
_0COMPRA
_o.STAFF. Colección Teología
980 _81
_gALBERTO SANCHEZ Responsable de Automatización